000 01299nam a2200337 a 4500
001 ebr10626404
003 CaPaEBR
006 m u
007 cr cn|||||||||
008 061019s2005 enka sb 001 0 eng d
010 _z 2006284109
020 _z085404535X (hbk.)
020 _z9780854045358
020 _z9781847552464 (e-book)
040 _aCaPaEBR
_cCaPaEBR
035 _a(OCoLC)647946903
050 1 4 _aQD79.C8
_bW355 2005eb
082 0 4 _a543.84
_222
100 1 _aWall, Peter E.
245 1 0 _aThin-layer chromatography
_h[electronic resource] :
_ba modern practical approach /
_cPeter E. Wall.
260 _aCambridge :
_bRoyal Society of Chemistry,
_cc2005.
300 _ax, 184 p. :
_bill.
440 0 _aRSC chromatography monographs
504 _aIncludes bibliographical references and index.
533 _aElectronic reproduction.
_bPalo Alto, Calif. :
_cebrary,
_d2011.
_nAvailable via World Wide Web.
_nAccess may be limited to ebrary affiliated libraries.
650 0 _aThin layer chromatography.
655 7 _aElectronic books.
_2local
710 2 _aRoyal Society of Chemistry (Great Britain)
710 2 _aebrary, Inc.
856 4 0 _uhttp://site.ebrary.com/lib/rucke/Doc?id=10626404
_zAn electronic book accessible through the World Wide Web; click to view
999 _c50803
_d50803